SYNTETICKÉ VLÁKNA MODIFIKOVANÉ KOPOLYAMIDMI

Bibliographic Details
Main Authors: Marcinčin, Anton, 1940- (Author), Krištofič, Michal, 1947- (Author)
Format: Article
Language:Slovak
ISBN:8022712507

MARC

LEADER 00000naa a2200000uu 4500
001 vtls010948675
003 SK-MaSNL
005 20260302125253.0
008 210905|1999 xo |||||||||||||||||slo|
015 |a SNBRA 
035 |a (urnnbn)urn:nbn:sk:snk:ar-a0bhub 
035 |a (uuid)d90d4c48-5a8f-4e31-9e5f-b1a1e1e4e967 
035 |a urn:nbn:sk:snk-aau9xj 
040 |a SNKBUCL  |b slo  |c SNKBUCL  |e AACR2 
041 0 |a slo 
044 |a xo  |c SK 
100 1 |a Marcinčin, Anton,  |d 1940-  |4 aut  |9 212293 
245 1 0 |a SYNTETICKÉ VLÁKNA MODIFIKOVANÉ KOPOLYAMIDMI  |c Anton Marcinčin, Michal Krištofič 
700 1 |a Krištofič, Michal,  |d 1947-  |4 aut  |9 133623 
773 0 |t 51. zjazd chemických spoločností  |d V Bratislave : Slovenská technická univerzita, 1999  |g S. [362]-[363]  |z 8022712507 
958 |a OND 
958 |a article11 
958 |a chapter 
999 |c 1292713  |d 1294643